[Event "57th World Juniors 2018"]
[Site "Manavgat TUR"]
[Date "2018.09.12"]
[Round "8.57"]
[White "Eren, Ataberk"]
[Black "Suleymenov, Alisher"]
[Result "0-1"]
[BlackTitle "FM"]
[WhiteElo "2180"]
[BlackElo "2307"]
[WhiteFideId "6349765"]
[BlackFideId "13707833"]
[EventDate "2018.09.05"]

1. e4 c5 2. Nf3 e6 3. d4 cxd4 4. Nxd4 Nc6 5. Nc3 Qc7 6. g3 a6 7. Bg2 Nf6 8. O-O
h5 9. Nb3 h4 10. Bf4 Ne5 11. Re1 d6 12. Qd4 Be7 13. Na4 Nfd7 14. Rad1 b5 15. Nc3
Bb7 16. a4 bxa4 17. Qxa4 Nc4 18. Bc1 Kf8 19. Nd4 Ncb6 20. Qa2 Rc8 21. Na4 Ne5
22. Nxb6 Qxb6 23. c3 Bf6 24. Qb3 Qc7 25. f4 Nc4 26. Bf1 Na5 27. Qb4 Be7 28. Qa4
hxg3 29. hxg3 g6 30. Nf3 Nc4 31. Kg2 Kg7 32. b3 Nb6 33. Qa1 Bf6 34. Bb2 Kg8 35.
c4 Bxb2 36. Qxb2 Qc5 37. Bd3 Nd7 38. Rh1 Rxh1 39. Rxh1 e5 40. fxe5 Nxe5 41. Nxe5
dxe5 42. Qf2 Qd6 43. Qe3 Rd8 44. Qh6 Qf6 45. Qh7+ Kf8 46. Qh6+ Ke8 47. Rf1 Qe6
48. Bc2 Rd4 49. Kg1 a5 50. Qh8+ Ke7 51. Qb8 Rd7 52. Qa7 Qd6 53. Rd1 Qb4 54.
Rxd7+ Kxd7 55. Qf2 Ke7 56. Qe3 Qd6 57. Kf1 Qd4 58. Qg5+ Ke6 59. Qg4+ Kf6 60.
Qf3+ Ke7 61. Qe2 Kd6 62. Qe1 Qb2 63. Qd2+ Ke7 64. c5 Kf8 65. c6 Ba6+ 66. Ke1 Kg7
67. c7 Bc8 68. Bd1 Qa3 69. Qd8 Qb4+ 70. Kf1 Bh3+ 71. Kg1 Qe1+ 72. Kh2 Qf1 73.
Qd2 Be6 74. g4 Kh7 75. g5 Kg7 76. Bc2 Qh3+ 77. Kg1 Qg3+ 78. Kf1 Bh3+ 79. Ke2
Bg4+ 80. Kf1 Qh3+ 81. Qg2 Qh4 82. Qf2 Qxg5 83. Qc5 Qf4+ 84. Qf2 Bh3+ 85. Kg1
Qxf2+ 86. Kxf2 Kf6 87. Bd3 Bc8 88. Bb5 Ke7 89. Ke3 f5 90. exf5 gxf5 91. Kd3 Kd6
92. Kc4 Be6+ 93. Kc3 Kxc7 94. b4 axb4+ 95. Kxb4 Kd6 96. Bf1 e4 97. Kc3 Ke5 98.
Kd2 f4 99. Ba6 Bg4 100. Ke1 f3 101. Kf2 Kf4 102. Ke1 e3 103. Be2 f2+ 0-1

[Event "57th World Juniors 2018"]
[Site "Manavgat TUR"]
[Date "2018.09.12"]
[Round "8.58"]
[White "Ozenir, Ekin Baris"]
[Black "Can, Melih Kaan"]
[Result "1/2-1/2"]
[WhiteTitle "FM"]
[WhiteElo "2303"]
[BlackElo "2195"]
[WhiteFideId "6357415"]
[BlackFideId "6317383"]
[EventDate "2018.09.05"]

1. d4 c5 2. d5 Nf6 3. Nc3 d6 4. e4 g6 5. Nf3 Bg7 6. Be2 O-O 7. O-O e6 8. dxe6
Bxe6 9. Ng5 Nc6 10. Nxe6 fxe6 11. Be3 Qe7 12. Re1 Rad8 13. Bf1 d5 14. exd5 Nxd5
15. Nxd5 exd5 16. c3 b6 17. Bb5 Qd6 18. Qa4 Ne5 19. Rad1 Kh8 20. h3 d4 21. cxd4
cxd4 22. f4 Nf7 23. Bd2 Nh6 24. Bd3 a5 25. Rc1 Nf5 26. Rc6 Qb8 27. Bxf5 Rxf5 28.
Qb3 b5 29. Re7 Re8 30. Rxe8+ Qxe8 31. Qe6 Qxe6 32. Rxe6 Kg8 33. Rc6 a4 34. Rc8+
Rf8 35. Rc5 Rf5 36. Rc8+ Rf8 37. Rxf8+ Kxf8 38. Kf2 Ke7 39. Kf3 Kd6 40. Ke4 Kc5
41. b3 Bf6 42. g3 Bg7 43. g4 Bf6 44. Be1 Bg7 45. h4 Bh8 46. Bf2 Bg7 47. g5 axb3
48. axb3 Bh8 49. Be1 Bg7 50. Ba5 Bf8 51. Be1 Bd6 52. Bd2 Bc7 53. f5 gxf5+ 54.
Kxf5 Kd5 55. h5 Be5 56. h6 d3 57. Be1 Bh8 58. Kf4 Kd4 59. Bd2 Be5+ 60. Kf3 Bh8
61. Kf4 Be5+ 62. Kf3 Bh8 63. Ba5 Be5 64. Bb4 Bc7 65. Bd2 Bd8 66. Kf4 Kd5 67. Bc3
Bc7+ 68. Ke3 d2 69. Bxd2 Be5 70. Kd3 Ke6 71. Ke4 Bb2 72. Be3 Bc3 73. Bd4 Bxd4
74. Kxd4 Kf5 75. Kc5 Kxg5 76. Kxb5 Kxh6 77. Kc4 Kg5 78. b4 h5 79. Kd4 h4 80. Ke3
h3 81. Kf3 Kf5 82. b5 Ke5 1/2-1/2

[Event "57th World Juniors 2018"]
[Site "Manavgat TUR"]
[Date "2018.09.12"]
[Round "8.73"]
[White "Karaoglan, Doruk"]
[Black "Lin, Peisen"]
[Result "1-0"]
[WhiteElo "2196"]
[BlackElo "2034"]
[WhiteFideId "6390927"]
[BlackFideId "8611505"]
[EventDate "2018.09.05"]

1. e4 e6 2. d4 d5 3. Nd2 c5 4. Ngf3 Nc6 5. exd5 Qxd5 6. Bc4 Qd7 7. Nb3 cxd4 8.
Nbxd4 Nxd4 9. Nxd4 a6 10. O-O Nf6 11. a4 Qc7 12. Qe2 Bd6 13. h3 O-O 14. Be3 b6
15. Bg5 Nd7 16. Rad1 Ne5 17. Bb3 Ng6 18. Qc4 Bc5 19. Ne2 Bb7 20. Qg4 Rfe8 21.
Nf4 Ne5 22. Qg3 Ng6 23. Nh5 Qxg3 24. Nxg3 h6 25. Be3 Bxe3 26. fxe3 Red8 27. Ne2
Nh4 28. g3 Nf3+ 29. Kf2 Nd2 30. Rfe1 Nxb3 31. cxb3 a5 32. Nc3 Rac8 33. e4 Kf8
34. Ke3 Ke7 35. Rc1 Ba6 36. Red1 Rxd1 37. Rxd1 Rc5 38. Rd4 e5 39. Nd5+ Ke6 40.
Rd2 Rc8 41. Nc3 g6 42. g4 Bb7 43. Nb5 Bc6 44. Na3 Bd7 45. Nc4 Rc6 46. Nxe5 Kxe5
47. Rxd7 Rc2 48. Rd5+ Kf6 49. Kf4 Rf2+ 50. Kg3 Rxb2 51. Rb5 Ke6 52. Kf3 Kd6 53.
Rxb6+ Kc5 54. Rb7 Kd4 55. Rd7+ Kc3 56. Rxf7 Rxb3 57. e5 Kd4+ 58. Kf4 Rb4 59.
Rd7+ Kc5+ 60. Kf3 Rb3+ 61. Kf2 Rb6 62. Ke3 Rb3+ 63. Rd3 Rb6 64. Rd7 Rb3+ 65. Rd3
Rb6 66. Rd8 Rb3+ 67. Ke2 Rb6 68. Ra8 Kb4 69. Kd3 Kxa4 70. Kc4 Rb1 71. e6 Re1 72.
Kd5 Kb4 73. Kd6 Rd1+ 74. Ke5 Re1+ 75. Kf6 Rf1+ 76. Kxg6 Re1 77. Kf7 Rf1+ 78. Ke8
a4 79. e7 a3 80. Kd7 Rd1+ 81. Kc7 1-0

[Event "57th World Juniors 2018"]
[Site "Manavgat TUR"]
[Date "2018.09.12"]
[Round "8.82"]
[White "Fleri, Matthew"]
[Black "Maltezeanu, Stefan"]
[Result "0-1"]
[WhiteElo "1625"]
[BlackElo "2089"]
[WhiteFideId "5602165"]
[BlackFideId "4004655"]
[EventDate "2018.09.05"]

1. e4 c5 2. c3 Nf6 3. e5 Nd5 4. d4 cxd4 5. Nf3 d6 6. cxd4 e6 7. Nc3 dxe5 8. Nxe5
Bb4 9. Bb5+ Nd7 10. Bd2 Bxc3 11. bxc3 O-O 12. Nxd7 Bxd7 13. Bd3 Bc6 14. Qh5 Nf6
15. Qh3 Qd5 16. O-O Bb5 17. Rfe1 Bxd3 18. Qxd3 Rfd8 19. Re5 Qxe5 20. dxe5 Rxd3 0-1

[Event "57th World Juniors 2018"]
[Site "Manavgat TUR"]
[Date "2018.09.13"]
[Round "9.1"]
[White "Maghsoodloo, Parham"]
[Black "Liang, Awonder"]
[Result "1-0"]
[WhiteTitle "GM"]
[BlackTitle "GM"]
[WhiteElo "2649"]
[BlackElo "2575"]
[WhiteFideId "12539929"]
[BlackFideId "2056437"]
[EventDate "2018.09.05"]

1. Nf3 c5 2. g3 Nc6 3. Bg2 e5 4. d3 g6 5. O-O Bg7 6. c3 Nge7 7. a3 O-O 8. b4 d6
9. e4 b6 10. Bb2 Bb7 11. Nbd2 Qd7 12. Qb3 h6 13. Rfe1 Kh7 14. d4 cxd4 15. cxd4
Nxd4 16. Nxd4 exd4 17. Nf3 Ng8 18. Nxd4 Nf6 19. Rad1 Rfe8 20. f3 Rac8 21. Bf1 a6
22. b5 Ra8 23. bxa6 Bxa6 24. Nb5 Re6 25. a4 Bxb5 26. axb5 Qc7 27. Rc1 Qa7 28.
Ra1 Qb7 29. Ra6 d5 30. Rea1 Rf8 31. Bh3 Ree8 32. e5 Nd7 33. Ra7 Nc5 34. Qc2 Qb8
35. f4 Ne6 36. Bxe6 Rxe6 37. Qd3 Kg8 38. Qxd5 Rd8 39. Qf3 Bf8 40. Ra8 Qc7 41.
Rxd8 Qxd8 42. Ra8 Qd7 43. Ba3 Re8 44. Rxe8 Qxe8 45. Qc6 Qd8 46. Bd6 Kg7 47. Kg2
h5 48. Kh3 Kg8 49. Kg2 Kg7 50. Kf3 Kg8 51. Ke4 Kg7 52. Kd5 Kg8 53. Qb7 1-0

[Event "57th World Juniors 2018"]
[Site "Manavgat TUR"]
[Date "2018.09.13"]
[Round "9.3"]
[White "Hakobyan, Aram"]
[Black "Petrosyan, Manuel"]
[Result "1-0"]
[WhiteTitle "GM"]
[BlackTitle "GM"]
[WhiteElo "2554"]
[BlackElo "2581"]
[WhiteFideId "13306677"]
[BlackFideId "13300857"]
[EventDate "2018.09.05"]

1. e4 e5 2. Nf3 Nc6 3. d4 exd4 4. Nxd4 Bc5 5. Nb3 Bb6 6. Nc3 Nf6 7. Qe2 a5 8. a4
d6 9. Be3 Bxe3 10. Qxe3 O-O 11. O-O-O Re8 12. f3 Nd7 13. g4 Nb6 14. Nd4 Nxd4 15.
Qxd4 Bd7 16. h4 Qe7 17. b3 Rad8 18. Kb2 Bc6 19. Bb5 Bxb5 20. axb5 Ra8 21. Ra1
Rec8 22. h5 c5 23. bxc6 Rxc6 24. h6 Qe5 25. Nb5 gxh6 26. Rh5 Qf4 27. Rah1 Rac8
28. R1h2 Nc4+ 29. bxc4 Rxc4 30. Qd2 Rb4+ 31. Ka2 Ra4+ 32. Kb2 Rb4+ 33. Ka2 Ra4+
34. Kb3 Rb4+ 35. Ka3 Qxf3+ 36. c3 Rb1 37. Ka2 Qf1 38. Rh1 Qxh1 39. Rxh1 Rxh1 40.
Nxd6 Rd8 41. Qf4 Rd7 42. Qe5 1-0

[Event "57th World Juniors 2018"]
[Site "Manavgat TUR"]
[Date "2018.09.13"]
[Round "9.4"]
[White "Christiansen, Johan-Sebastian"]
[Black "Tabatabaei, M.amin"]
[Result "1-0"]
[WhiteTitle "IM"]
[BlackTitle "GM"]
[WhiteElo "2525"]
[BlackElo "2576"]
[WhiteFideId "1512668"]
[BlackFideId "12521213"]
[EventDate "2018.09.05"]

1. e4 c6 2. d4 d5 3. Nd2 dxe4 4. Nxe4 Bf5 5. Ng3 Bg6 6. h4 h6 7. Nf3 Nd7 8. h5
Bh7 9. Bd3 Bxd3 10. Qxd3 e6 11. Bf4 Qa5+ 12. Bd2 Bb4 13. Ne4 Ngf6 14. Nd6+ Ke7
15. Nxb7 Qb6 16. c3 Bxc3 17. Qxc3 Qxb7 18. Qa3+ Ke8 19. O-O Nxh5 20. Rac1 Nhf6
21. Rc2 Nd5 22. Rfc1 Rc8 23. Be1 Nb8 24. Ne5 Qe7 25. Qf3 g5 26. b4 Qf6 27. Qd3
Qf5 28. Qa3 f6 29. Nc4 Rd8 30. b5 Qf4 31. bxc6 Nxc6 32. Bd2 Qb8 33. Rb2 Qc7 34.
Na5 Nde7 35. Qa4 Rd6 36. Bb4 Rxd4 37. Nxc6 Kf7 38. Qxa7 Qxa7 39. Nxa7 Nd5 40.
Nc6 Rd3 41. Be1 h5 42. Nb4 Nxb4 43. Bxb4 h4 44. Rd2 Rxd2 45. Bxd2 Ra8 46. Ra1
Ra4 47. a3 e5 48. Bb4 Ke6 49. Rd1 Ra6 50. Kf1 e4 51. Ke2 f5 52. Rd8 f4 53. Rg8
Kf6 54. Rc8 Ke6 55. Rc5 Kf6 56. Rc7 Ke6 57. Rc5 Kf6 58. Rd5 Ra8 59. Bc5 g4 60.
Rh5 f3+ 61. gxf3 exf3+ 62. Ke3 g3 63. fxg3 hxg3 64. Kxf3 Rg8 65. Kg2 Ke6 66. Bb4
Kd7 67. Rc5 Rg6 68. Be1 Ra6 69. Rc3 Rc6 70. Rb3 Ra6 71. Kxg3 Kc6 72. Kf3 Rb6 73.
Bb4 Kb5 74. Be7+ Ka6 75. Rd3 Re6 76. Bd6 Kb5 77. Rd4 Kc6 78. Bf4 Kb5 79. Be3 Rc6
80. a4+ Ka5 81. Bd2+ Ka6 82. Ke2 Re6+ 83. Kd3 Rc6 84. Bc3 Kb6 85. Kc2 Ka6 86.
Kb3 Rb6+ 87. Bb4 Rh6 88. a5 Rh3+ 89. Ka4 Rh6 90. Rd7 Rc6 91. Rd8 Kb7 92. Rd5 Rc8
93. Kb5 Re8 94. Rd7+ Ka8 95. Ka6 Rc8 96. Ra7+ 1-0

[Event "57th World Juniors 2018"]
[Site "Manavgat TUR"]
[Date "2018.09.13"]
[Round "9.5"]
[White "Vavulin, Maksim"]
[Black "Karthik, Venkataraman"]
[Result "1-0"]
[WhiteTitle "IM"]
[BlackTitle "IM"]
[WhiteElo "2559"]
[BlackElo "2519"]
[WhiteFideId "4169530"]
[BlackFideId "25006479"]
[EventDate "2018.09.05"]

1. e4 c6 2. c4 d5 3. exd5 cxd5 4. d4 Nf6 5. Nc3 Nc6 6. Nf3 Bg4 7. cxd5 Nxd5 8.
Qb3 Bxf3 9. gxf3 e6 10. Qxb7 Nxd4 11. Bb5+ Nxb5 12. Qc6+ Ke7 13. Qc5+ Qd6 14.
Nxd5+ exd5 15. Qxb5 Rb8 16. Qd3 f6 17. O-O Kf7 18. Rd1 Rd8 19. Be3 Rd7 20. Rac1
Qe6 21. Rc8 Qh3 22. Bf4 Qe6 23. Rc7 Rxc7 24. Bxc7 Be7 25. Qxd5 Rc8 26. Ba5 Qxd5
27. Rxd5 Ke6 28. Rd2 Bd6 29. Bc3 Rc4 30. Rd4 Rc6 31. Rh4 h6 32. Ra4 a6 33. h3
Bc5 34. Kf1 Kf5 35. Rc4 1-0

[Event "57th World Juniors 2018"]
[Site "Manavgat TUR"]
[Date "2018.09.13"]
[Round "9.6"]
[White "Bai, Jinshi"]
[Black "Sindarov, Javokhir"]
[Result "1-0"]
[WhiteTitle "GM"]
[BlackTitle "IM"]
[WhiteElo "2556"]
[BlackElo "2484"]
[WhiteFideId "8602280"]
[BlackFideId "14205483"]
[EventDate "2018.09.05"]

1. Nf3 Nf6 2. g3 g6 3. Bg2 Bg7 4. O-O O-O 5. d4 d6 6. b3 c5 7. c4 cxd4 8. Nxd4
d5 9. cxd5 Nxd5 10. Bb2 Qa5 11. Qd2 Qxd2 12. Nxd2 Rd8 13. Rfd1 Bxd4 14. Bxd4 Nc6
15. Bb2 Bg4 16. Nf3 Ndb4 17. a3 Nc2 18. Rac1 Bxf3 19. Rxd8+ Rxd8 20. Bxf3 N2d4
21. Bxd4 Nxd4 22. Rc7 Nxf3+ 23. exf3 Rd3 24. Rxb7 a5 25. f4 a4 26. bxa4 Rxa3 27.
Ra7 Kg7 28. Kg2 h5 29. a5 Kf6 30. a6 Ke6 31. Ra8 Kf5 32. Ra7 Kf6 33. h3 e6 34.
h4 Kg7 35. Kf1 Ra2 36. Kg1 Ra1+ 37. Kg2 Ra3 38. f3 Ra2+ 39. Kf1 Ra3 40. Ke2 Ra2+
41. Kd3 Ra3+ 42. Kc4 Rxf3 43. Rb7 Ra3 44. a7 Kf6 45. Kb5 Kf5 46. Kb4 Ra6 47.
Rb5+ Kg4 48. Ra5 Rxa7 49. Rxa7 Kxg3 50. Rxf7 Kxh4 51. Kc3 Kg3 52. Kd4 h4 53. Ke5
h3 54. Rg7 1-0

[Event "57th World Juniors 2018"]
[Site "Manavgat TUR"]
[Date "2018.09.13"]
[Round "9.7"]
[White "Karthikeyan, Murali"]
[Black "Gavrilescu, David"]
[Result "0-1"]
[WhiteTitle "GM"]
[BlackTitle "FM"]
[WhiteElo "2605"]
[BlackElo "2470"]
[WhiteFideId "5074452"]
[BlackFideId "1227190"]
[EventDate "2018.09.05"]

1. e4 e6 2. d4 d5 3. Nd2 c5 4. Ngf3 cxd4 5. Nxd4 Nf6 6. exd5 Nxd5 7. N2f3 Bb4+
8. Bd2 O-O 9. Bc4 e5 10. Nxe5 Re8 11. O-O Rxe5 12. Nf3 Bd6 13. Nxe5 Bxe5 14. Bf4
Bxf4 15. Bxd5 Nd7 16. Qf3 Qf6 17. g3 Be5 18. Rfe1 Qxf3 19. Bxf3 Kf8 20. Rad1 Bf6
21. Bxb7 Bxb7 22. Rxd7 Bc8 23. Rd3 Bf5 24. Rf3 Bxc2 25. b4 a5 26. Rc1 Ba4 27.
bxa5 Rxa5 28. Rc8+ Ke7 29. Rc7+ Kd6 30. Rxf7 Bc6 31. R3xf6+ gxf6 32. Rxf6+ Kc5
33. g4 Rxa2 34. h3 Ra3 35. Kh2 Be4 36. f4 Kd4 37. Rf7 Rf3 38. f5 Ke5 39. Rxh7
Kf4 40. g5 Rf2+ 41. Kg1 Rg2+ 42. Kf1 Rxg5 43. Re7 Ke3 44. Re6 Rg3 45. Rg6 Rxh3
46. Rg8 Rh1+ 47. Rg1 Rh2 48. Rg4 Bf3 49. Rg8 Ra2 50. Re8+ Be4 51. Kg1 Ra1+ 0-1

[Event "57th World Juniors 2018"]
[Site "Manavgat TUR"]
[Date "2018.09.13"]
[Round "9.8"]
[White "Esipenko, Andrey"]
[Black "Barseghyan, Harutyun"]
[Result "1-0"]
[WhiteTitle "GM"]
[BlackTitle "IM"]
[WhiteElo "2593"]
[BlackElo "2466"]
[WhiteFideId "24175439"]
[BlackFideId "13304585"]
[EventDate "2018.09.05"]

1. d4 d5 2. c4 dxc4 3. Nf3 Nf6 4. e3 e6 5. Bxc4 a6 6. O-O Nbd7 7. a4 c5 8. Re1
Qc7 9. Qe2 Bd6 10. e4 cxd4 11. e5 Nxe5 12. Nxe5 Bxe5 13. Qxe5 Qxc4 14. Bg5 Bd7
15. Nd2 Qb4 16. Nf3 d3 17. Rad1 h6 18. Bxf6 gxf6 19. Qxf6 Rg8 20. Rxd3 Qe7 21.
Qxh6 Bc6 22. g3 Rd8 23. Rxd8+ Qxd8 24. Ne5 Bd5 25. Qh5 Rf8 26. Nd3 Qd6 27. Nf4
Kd7 28. Nxd5 exd5 29. Rd1 Kc6 30. Qg4 Kc7 31. Qg7 Kc6 32. h4 a5 33. Qc3+ Qc5 34.
Qd2 Kd6 35. Qh6+ Ke7 36. Qg5+ Ke6 37. h5 f6 38. Qg7 d4 39. h6 Kd5 40. Qxb7+ Kd6
41. Qe4 1-0

[Event "57th World Juniors 2018"]
[Site "Manavgat TUR"]
[Date "2018.09.13"]
[Round "9.9"]
[White "Bellahcene, Bilel"]
[Black "Narayanan, S.L."]
[Result "1/2-1/2"]
[WhiteTitle "GM"]
[BlackTitle "GM"]
[WhiteElo "2501"]
[BlackElo "2573"]
[WhiteFideId "696358"]
[BlackFideId "5058422"]
[EventDate "2018.09.05"]

1. e4 e5 2. Nf3 Nc6 3. Nc3 Nf6 4. d4 Bb4 5. d5 Nb8 6. Bd3 d6 7. O-O c6 8. dxc6
bxc6 9. Ne2 O-O 10. Ng3 Re8 11. c4 a5 12. Qe2 Nbd7 13. Rd1 Nf8 14. Bc2 Bg4 15.
Ba4 Rc8 16. a3 Bc5 17. h3 Bxf3 18. Qxf3 Ne6 19. Rb1 Nd4 20. Qd3 Rb8 21. Bd2 Bb6
22. b4 Ra8 23. Ra1 Qe7 24. Be3 Qa7 25. Ra2 axb4 26. axb4 g6 27. Nf1 Nh5 28. g3
Qb7 29. Rb1 Qd7 30. Kg2 Ng7 31. Rba1 Nge6 32. Nd2 Rab8 33. Bd1 Rec8 34. Ra6 h5
35. h4 Qe8 36. R1a2 Bd8 37. R6a4 Bf6 38. Nb3 Rb7 39. Nxd4 Nxd4 40. Bxd4 exd4 41.
Be2 Rcb8 42. Rb2 d5 43. exd5 cxd5 44. b5 dxc4 45. Rxc4 Rxb5 46. Rxb5 Rxb5 47.
Rxd4 Bxd4 1/2-1/2

[Event "57th World Juniors 2018"]
[Site "Manavgat TUR"]
[Date "2018.09.13"]
[Round "9.10"]
[White "Thybo, Jesper Sondergaard"]
[Black "Pichot, Alan"]
[Result "1/2-1/2"]
[WhiteTitle "IM"]
[BlackTitle "GM"]
[WhiteElo "2499"]
[BlackElo "2562"]
[WhiteFideId "1438832"]
[BlackFideId "110973"]
[EventDate "2018.09.05"]

1. d4 Nf6 2. c4 g6 3. Nc3 Bg7 4. e4 d6 5. Nf3 O-O 6. Be2 e5 7. O-O Nc6 8. d5 Ne7
9. b4 a5 10. bxa5 c5 11. a4 Ne8 12. Nb5 h6 13. Nd2 f5 14. exf5 gxf5 15. f4 e4
16. Ra3 Rxa5 17. Kh1 Nf6 18. Rg1 Bd7 19. Nf1 Be8 20. g4 Kh8 21. Rag3 fxg4 22.
Bxg4 Nxg4 23. Qxg4 Nf5 24. Rh3 Bd7 25. Ng3 Qe7 26. Qg6 Rf6 27. Qh5 e3 28. Bb2
Nd4 29. Nxd4 Bxh3 30. Nb3 Rxa4 31. Bxf6 Qxf6 32. Qxh3 Qxf4 33. Qg2 Rxc4 34. Nc1
Qf2 35. Qxf2 exf2 36. Rf1 b5 37. Nd3 b4 38. Rxf2 Rd4 39. Nb2 Be5 40. Nf5 Rxd5
41. Ne7 1/2-1/2

[Event "57th World Juniors 2018"]
[Site "Manavgat TUR"]
[Date "2018.09.13"]
[Round "9.11"]
[White "Lobanov, Sergei"]
[Black "Lodici, Lorenzo"]
[Result "1-0"]
[WhiteTitle "IM"]
[BlackTitle "IM"]
[WhiteElo "2535"]
[BlackElo "2458"]
[WhiteFideId "24183750"]
[BlackFideId "884189"]
[EventDate "2018.09.05"]

1. Nf3 d5 2. e3 Bg4 3. c4 c6 4. d4 e6 5. Nc3 Nd7 6. Be2 f5 7. Nd2 Bxe2 8. Qxe2
Nh6 9. b3 Bd6 10. Bb2 O-O 11. f3 e5 12. dxe5 Bxe5 13. O-O-O Re8 14. cxd5 cxd5
15. Nxd5 Qa5 16. Bxe5 Nxe5 17. Nb1 Rad8 18. Ndc3 Rc8 19. Kb2 a6 20. Nd5 Nhf7 21.
Qd2 Qb5 22. Ka1 Rc5 23. Nbc3 Qc6 24. Rc1 a5 25. Rhd1 Qh6 26. h3 Qh4 27. Qd4 Qxd4
28. exd4 1-0

[Event "57th World Juniors 2018"]
[Site "Manavgat TUR"]
[Date "2018.09.13"]
[Round "9.12"]
[White "Van Foreest, Jorden"]
[Black "Lagunow, Raphael"]
[Result "1/2-1/2"]
[WhiteTitle "GM"]
[BlackTitle "FM"]
[WhiteElo "2624"]
[BlackElo "2403"]
[WhiteFideId "1039784"]
[BlackFideId "24652644"]
[EventDate "2018.09.05"]

1. e4 c5 2. Nf3 Nc6 3. Bb5 g6 4. Bxc6 bxc6 5. O-O Bg7 6. Re1 Nh6 7. c3 O-O 8. d4
cxd4 9. cxd4 f6 10. Nc3 d6 11. h3 Nf7 12. Be3 f5 13. Rc1 Qa5 14. e5 Rb8 15. exd6
exd6 16. b3 h6 17. Bd2 Bd7 18. Qc2 Rfe8 19. Ne2 Qb5 20. Nf4 g5 21. Rxe8+ Rxe8
22. a4 Qb8 23. Nh5 Bh8 24. d5 cxd5 25. Qc7 Be6 26. Be3 a6 27. Qxb8 Rxb8 28. Rc6
d4 29. Bxd4 Bd5 30. Rb6 Rxb6 31. Bxb6 Bxf3 32. gxf3 f4 33. b4 Ne5 34. b5 axb5
35. axb5 Nxf3+ 36. Kg2 Nd4 37. h4 Kf7 38. hxg5 hxg5 39. Kh3 Kg6 40. Kg4 Nf5 41.
Bc7 Bd4 42. Nxf4+ gxf4 43. b6 Bxf2 1/2-1/2

[Event "57th World Juniors 2018"]
[Site "Manavgat TUR"]
[Date "2018.09.13"]
[Round "9.13"]
[White "Harsha, Bharathakoti"]
[Black "Donchenko, Alexander"]
[Result "1/2-1/2"]
[WhiteTitle "IM"]
[BlackTitle "GM"]
[WhiteElo "2474"]
[BlackElo "2614"]
[WhiteFideId "5078776"]
[BlackFideId "24603295"]
[EventDate "2018.09.05"]

1. Nf3 Nf6 2. c4 e6 3. Nc3 d5 4. e3 dxc4 5. Bxc4 a6 6. a4 c5 7. O-O Nc6 8. Qe2
Qc7 9. d4 Be7 10. dxc5 Bxc5 11. Bd2 b6 12. Rac1 Bb7 13. h3 O-O 14. Na2 Qe7 15.
Rfd1 e5 16. Bc3 b5 17. axb5 axb5 18. Bxb5 Rxa2 19. Qc4 Rfa8 20. Be1 Ne4 21. Qxe4
Nd4 22. Qg4 Nxb5 23. Rd7 Bxf3 24. gxf3 Qf8 25. Qc4 Rxb2 26. Qxc5 Qxc5 27. Rxc5
Rb1 28. Kg2 f6 29. Rb7 Rxe1 30. Rcxb5 Raa1 31. f4 e4 32. Re7 Rg1+ 33. Kh2 Rh1+
34. Kg3 Rag1+ 35. Kh4 h6 36. Rxe4 Kh7 37. f5 h5 38. Re8 Rg4+ 39. Kxh5 Rg2 40.
Kh4 Rxf2 41. Kg3 Rfh2 42. Rbb8 Rxh3+ 43. Kg2 R1h2+ 44. Kg1 Kh6 45. Rh8+ Kg5 46.
Rxh3 Rxh3 47. Rb7 Rxe3 48. Rxg7+ Kxf5 49. Kf2 Ra3 50. Rb7 Kg5 51. Rb5+ f5 52.
Rb4 f4 53. Rb8 Rg3 54. Rg8+ Kf5 55. Rxg3 fxg3+ 56. Kxg3 1/2-1/2

[Event "57th World Juniors 2018"]
[Site "Manavgat TUR"]
[Date "2018.09.13"]
[Round "9.14"]
[White "Haldorsen, Benjamin"]
[Black "Martirosyan, Haik M."]
[Result "0-1"]
[WhiteTitle "FM"]
[BlackTitle "GM"]
[WhiteElo "2461"]
[BlackElo "2597"]
[WhiteFideId "1512633"]
[BlackFideId "13306553"]
[EventDate "2018.09.05"]

1. e4 c5 2. Nf3 Nc6 3. Bb5 e6 4. O-O Nge7 5. Nc3 a6 6. Bxc6 Nxc6 7. d4 cxd4 8.
Nxd4 Nxd4 9. Qxd4 b5 10. Be3 Bb7 11. a4 b4 12. Na2 a5 13. c3 Qf6 14. e5 Qg6 15.
f3 bxc3 16. Nxc3 Bb4 17. Qb6 Ba6 18. Rfd1 O-O 19. Rxd7 Qc2 20. Rd2 Qf5 21. Bc5
Rab8 22. Qxa6 Bxc5+ 23. Kh1 Qxe5 24. Qxa5 Qf4 25. Ne2 Qh6 26. Rd7 Qe3 27. Qd2
Qb3 28. Nc1 Qc4 29. Nd3 Bd4 30. a5 e5 31. h3 Qc6 32. Re7 Qd6 33. Nxe5 Rxb2 34.
Qg5 Re2 35. Rd1 Bxe5 36. Rf1 Bf6 0-1

[Event "57th World Juniors 2018"]
[Site "Manavgat TUR"]
[Date "2018.09.13"]
[Round "9.15"]
[White "Batsuren, Dambasuren"]
[Black "Xu, Xiangyu"]
[Result "1/2-1/2"]
[WhiteTitle "IM"]
[BlackTitle "GM"]
[WhiteElo "2446"]
[BlackElo "2586"]
[WhiteFideId "4902920"]
[BlackFideId "8608288"]
[EventDate "2018.09.05"]

1. d4 d5 2. c4 e6 3. Nc3 a6 4. cxd5 exd5 5. Nf3 Nf6 6. Bg5 Be6 7. e3 Nbd7 8. Bd3
Bd6 9. O-O c6 10. Bf4 Qc7 11. Bxd6 Qxd6 12. Qc2 O-O 13. Na4 Rfe8 14. Nc5 Nxc5
15. dxc5 Qc7 16. h3 Ne4 17. Bxe4 dxe4 18. Nd4 Qe5 19. Rfd1 Rad8 20. Nxe6 Qxe6
21. Rxd8 Rxd8 22. Rd1 Rd5 23. Qb3 Rxd1+ 24. Qxd1 f6 25. Qd8+ Kf7 26. Qc7+ Qe7
27. Qc8 h5 28. b4 Kg6 29. h4 Kh6 30. a3 Kg6 31. g3 Kh6 32. Qh8+ Kg6 33. Qc8 Kh6
34. Qh8+ 1/2-1/2

[Event "57th World Juniors 2018"]
[Site "Manavgat TUR"]
[Date "2018.09.13"]
[Round "9.16"]
[White "Janik, Igor"]
[Black "Aravindh, Chithambaram VR."]
[Result "1/2-1/2"]
[WhiteTitle "IM"]
[BlackTitle "GM"]
[WhiteElo "2447"]
[BlackElo "2578"]
[WhiteFideId "1159259"]
[BlackFideId "5072786"]
[EventDate "2018.09.05"]

1. d4 Nf6 2. c4 e6 3. g3 d5 4. Nf3 dxc4 5. Bg2 a6 6. O-O Nc6 7. e3 Bd7 8. Qe2 b5
9. b3 cxb3 10. axb3 Be7 11. Bb2 O-O 12. Rc1 Nb4 13. Ne5 Nfd5 14. Nxd7 Qxd7 15.
Nd2 a5 16. Ne4 Rfb8 17. Nc5 Qe8 18. Ba3 c6 19. Qd2 h6 20. e4 Nc7 21. Bxb4 axb4
22. Rxa8 Rxa8 23. Qxb4 e5 24. Qc3 exd4 25. Qxd4 Bf6 26. Qd7 Qxd7 27. Nxd7 Bd4
28. Rxc6 Ne6 29. e5 Ra1+ 30. Bf1 g6 31. Rc2 Rb1 32. Kg2 Rxb3 33. f4 Kg7 34. Nf6
h5 35. Rc8 Rb2+ 36. Kh1 Rb1 37. Rg8+ 1/2-1/2

[Event "57th World Juniors 2018"]
[Site "Manavgat TUR"]
[Date "2018.09.13"]
[Round "9.17"]
[White "Mohammad, Nubairshah Shaikh"]
[Black "Lomasov, Semyon"]
[Result "0-1"]
[WhiteTitle "IM"]
[BlackTitle "IM"]
[WhiteElo "2443"]
[BlackElo "2545"]
[WhiteFideId "5053196"]
[BlackFideId "24164879"]
[EventDate "2018.09.05"]

1. d4 Nf6 2. c4 e6 3. g3 c5 4. d5 exd5 5. cxd5 d6 6. Nc3 g6 7. Bg2 Bg7 8. Nf3
O-O 9. O-O Re8 10. Nd2 a6 11. a4 Nbd7 12. h3 Rb8 13. Nc4 Ne5 14. Na3 Nh5 15. e4
Bd7 16. a5 Qxa5 17. g4 Nf6 18. f4 Nexg4 19. hxg4 Nxg4 20. f5 h5 21. Bg5 Qb4 22.
f6 Bh8 23. Qd2 Re5 24. Nc2 Qb6 25. Bf4 Bxf6 26. Bxe5 Bxe5 27. Ne1 Ne3 28. Rf3
Nc4 29. Qe2 Qxb2 30. Ra2 Qc1 31. Nd1 Bd4+ 32. Nf2 Bg4 33. Rc2 Bxf3 34. Bxf3 Qg5+
35. Ng2 Ne3 36. Rd2 Re8 37. Rd3 Nxg2 38. Bxg2 Qxd5 39. Qc2 Qg5 40. Rf3 Re6 41.
Kf1 Rf6 42. e5 Qxe5 43. Rxf6 Qxf6 44. Bxb7 a5 45. Kg2 Qxf2+ 46. Qxf2 Bxf2 47.
Kxf2 Kg7 48. Ke3 f5 49. Kd3 Kf6 50. Kc4 Ke5 51. Kb5 h4 52. Kxa5 h3 53. Kb5 Kd4
54. Kc6 c4 55. Kxd6 c3 0-1